| 000 | 02065 a2200253 4500 | ||
|---|---|---|---|
| 003 | Nust | ||
| 005 | 20170207154016.0 | ||
| 020 | _a1-4200-6664-1 | ||
| 020 | _a978-1-4200-6664-7 | ||
| 040 | _cNust | ||
| 082 | 0 | 4 | _a006.6 |
| 245 | 1 | 0 |
_aImage processing for remote sensing-(E-BOOK) _cedited by C.H. Chen. |
| 260 |
_aBoca Raton, FL : _bCRC Press/Taylor & Francis Group, _ccop. 2008 |
||
| 300 | _a380 s. | ||
| 505 | _a1. Polari metric SAR Techniques for Remote Sensing of the Ocean Surface (Page-1) 2. MRF-Based Remote-Sensing Image Classification with Automatic Model Parameter Estimation (page-9) 3. Random Forest Classification of Remote Sensing Data (page-61) 4. Supervised Image Classification of Multi-Spectral Images Based on Statistical Machine Learning (page-79)5. Unsupervised Change Detection in Multi-Temporal SAR Images (Page-107)6. Change-Detection Methods for Location of Mines in SAR Imagery (Page-135)7. Vertex Component Analysis: A Geometric-Based Approach to Unmix Hyper spectral Data (page-149)8. Two ICA Approaches for SAR Image Enhancement(Page-175)9. Long-Range Dependence Models for the Analysis and Discrimination of Sea-Surface Anomalies in Sea SAR Imagery (Page-189)10. Spatial Techniques for Image Classification (Page-225)11. Data Fusion for Remote-Sensing Applications (page-249)12. The Hermit Transform: An Efficient Tool for Noise Reduction and Image Fusion in Remote-Sensing (Page-273)13. Multi-Sensor Approach to Automated Classification of Sea Ice Image Data (Page-293)14. Use of the Bradley–Terry Model to Assess Uncertainty in an Error Matrix from a Hierarchical Segmentation of an ASTER Image (Page-325)15. SAR Image Classification by Support Vector Machine (Page-341)16. Quality Assessment of Remote-Sensing Multi-Band Optical Images (Page-355) | ||
| 650 | 7 | _aDigital bildbehandling | |
| 650 | 7 | _aFj䲲analys | |
| 650 | 7 |
_aImage processing _xDigital techniques |
|
| 650 | 7 | _aImage processing. | |
| 650 | 7 | _aRemote sensing | |
| 650 | 7 |
_aRemote sensing _xData processing. |
|
| 650 | 7 | _aSensorer | |
| 700 | 1 |
_aChen, C. H. _4edt |
|
| 942 |
_2ddc _cBK |
||
| 999 |
_c191451 _d191451 |
||